| 000 | 00552aam a2200229 4500 | ||
|---|---|---|---|
| 005 | 20250219184550.0 | ||
| 008 | 150729b2008 xxu||||| |||| 00| 0 spa d | ||
| 041 | _aESP | ||
| 082 | _aR 658.15 B139g | ||
| 100 | _aBaena Toro, Diego | ||
| 100 | _aRamírez, Jorge Humberto | ||
| 245 | _aGuía temática financiera | ||
| 260 | _aColombia | ||
| 260 | _bECOE EDICIONES | ||
| 260 | _c2008 | ||
| 300 | _a252 páginas | ||
| 650 | _aFINANZAS | ||
| 650 | _aDICCIONARIO | ||
| 650 | _aCONTABILIDAD | ||
| 650 | _aTERMINOLOGÍA | ||
| 942 |
_cREF _2ddc |
||
| 999 |
_c7002 _d7002 |
||